000 00422nam a22001217a 4500
082 _a226.5 JOS
100 _aSagar, D. Joshua Vidya
245 _aTHE FOOT-WASHING of JESUS (JOHN 13:1-17) AS MASTER-SERVANT MODEL in JOHANNINE COMMUNITY and its RELEVANCE to CHURCH...
260 _aHenry Martyn Institute, Hyderabad
_bHenry Martyn Institute
_c2020
300 _a90
650 _aBible. -- John -- Commentaries
942 _cTHES
999 _c23164
_d23164